Sports Quiz

Random Sports or State Quiz

Sort the New York Teams Quiz Stats

 Plays Quiz Updated Aug 10, 2018

Challenge
Share
Tweet
Embed
Score 0/10 Timer 01:00
205 Plays Today
Question Answer Wrong Answers
New York Yankees MLB
98%
NBA
0.6%
NFL
0.3%
NHL
0.2%
New York Knicks NBA
97.8%
MLB
1%
NFL
0.2%
NHL
0.2%
Brooklyn Nets NBA
97.6%
MLB
1%
NFL
0.2%
NHL
0.3%
New York Mets MLB
97.1%
NBA
1.3%
NFL
0.6%
NHL
0.2%
New York Islanders NHL
96.6%
MLB
1.2%
NBA
0.7%
NFL
0.6%
New York Jets NFL
95.7%
MLB
1.4%
NBA
1.2%
NHL
1%
Buffalo Bills NFL
95.6%
MLB
1.1%
NBA
0.9%
NHL
1.7%
New York Giants NFL
95%
MLB
3.2%
NBA
0.6%
NHL
0.4%
Buffalo Sabres NHL
94.6%
MLB
1.7%
NBA
1.2%
NFL
1.6%
New York Rangers NHL
94.4%
MLB
3.1%
NBA
0.7%
NFL
1%

You're not logged in!

Compare scores with friends on all Sporcle quizzes.
Join for Free
OR
Log In

You Might Also Like...

Show Comments

Extras

Top Quizzes Today


Score Distribution

Your Account Isn't Verified!

In order to create a playlist on Sporcle, you need to verify the email address you used during registration. Go to your Sporcle Settings to finish the process.

Report this User

Report this user for behavior that violates our Community Guidelines.

Details: